DNA fingerprinting : (Record no. 7204)
[ view plain ]
| 000 -LEADER | |
|---|---|
| fixed length control field | 00470cam a22001574a 4500 |
| 020 ## - ISBN | |
| International Standard Book Number | 0531118584 |
| 050 00 - LIBRARY OF CONGRESS CALL NUMBER | |
| Classification Number | RA1057.55 |
| Item Number | .F75 2001 |
| 100 1# - MAIN ENTRY--Author | |
| Personal name | Fridell, Ron. |
| 245 10 - TITLE | |
| Title | DNA fingerprinting : |
| Remainder of title | the ultimate identity / |
| Statement of responsibility, etc | Ron Fridell. |
| 260 ## - PUBLICATION, DISTRIBUTION, ETC.(IMPRINT) | |
| Place of publication, distribution, etc | New York : |
| Name of publisher, distributor, etc | Franklin Watts, |
| Date of publication, distribution, etc | 2001. |
| 300 ## - PHYSICAL DESCRIPTION | |
| Extent | 112 p. : |
| 650 #0 - SUBJECT--TOPIC | |
| Form subdivision | Juvenile literature. |
| General subdivision | DNA fingerprinting-Juvenile Literature |
| 650 #1 - SUBJECT--TOPIC | |
| Form subdivision | DNA fingerprinting |
| 650 #1 - SUBJECT--TOPIC | |
| General subdivision | forensic sciences |
| 942 ## - ADDED ENTRY ELEMENTS(KOHA) | |
| Source of classification or shelving scheme | Library of Congress Classification |
| Koha item type | General circulation |
| Source of classification or shelving scheme | Not for loan | Location (home branch) | Sublocation (holding branch) | Shelving location | Date accessioned | Full call number | Barcode | Nonpublic note | Koha item type |
|---|---|---|---|---|---|---|---|---|---|
| Library of Congress Classification | Main Campus Library | Main Campus Library | 27/07/2015 | RA 1057.55 .F75 2001 | 2015/004066 | jm | General circulation |